Gminy powiatu słupskiego - Statystyki

Ogólne statystyki
  • Ten quiz został rozwiązany 22 razy
  • Średni wynik to 7 z 10
Statystyki odpowiedzi
Status gminy Gmina % Poprawnych
Miejska Ustka
100%
Wiejska Ustka
100%
Miejsko-wiejska Kępice
80%
Miejsko-wiejska Kobylnica
80%
Wiejska Dębnica Kaszubska
70%
Wiejska Potęgowo
70%
Wiejska Damnica
60%
Wiejska Główczyce
60%
Wiejska Redzikowo
60%
Wiejska Smołdzino
60%
Nie znaleziono quizów pasujących do podanych kryteriów
Rozkład punktacji
Procent ludzi z każdym wynikiem
Percentyl według liczby udzielonych odpowiedzi
Twoja historia wyników
Nie rozwiązałeś tego quizu